[Event "Landesklasse Ost 2015/2016"]
[Site "?"]
[Date "2015.11.29"]
[Round "4"]
[White "Moje, Hans-Jürgen"]
[Black "Günther, Andreas"]
[Result "0-1"]
[WhiteElo "1711"]
[BlackElo "2052"]
[PlyCount "98"]
[EventDate "2015.??.??"]
[WhiteTeam "SV Hermsdorf"]
[BlackTeam "SSV Vimaria 91 Weimar"]

1. e4 d5 2. exd5 Qxd5 3. Nc3 Qa5 4. Nf3 Nf6 5. Be2 e5 6. O-O e4 7. Nd4 Bd6 8.
Ndb5 O-O 9. Nxd6 cxd6 10. d3 d5 11. dxe4 dxe4 12. Be3 Re8 13. Qd4 Nc6 14. Qc5
Qxc5 15. Bxc5 b6 16. Be3 Nb4 17. Bb5 Rd8 18. Rfd1 Bg4 19. Rxd8+ Rxd8 20. Ba4
Nbd5 21. Nxd5 Rxd5 22. h3 Bc8 23. Bb3 Rd7 24. Kf1 Kf8 25. Ke1 Ke7 26. Rd1 Rxd1+
27. Kxd1 Be6 28. Bg5 Bxb3 29. axb3 Ke6 30. Bxf6 Kxf6 31. Ke2 Ke5 32. Ke3 f5 33.
c3 f4+ 34. Ke2 a5 35. Kd2 g5 36. Ke2 h5 37. Kd2 Kf5 38. Ke2 h4 39. f3 e3 40.
Kd3 Ke5 41. Ke2 Kd5 42. Kd3 Kc5 43. Ke2 Kc6 44. Kd3 Kb5 45. Ke2 a4 46. Kd3 axb3
47. Ke2 Kc4 48. Ke1 Kd3 49. Kd1 b5 0-1

[Event "Landesklasse Ost 2015/2016"]
[Site "?"]
[Date "2015.11.29"]
[Round "4"]
[White "Greger, Dominik"]
[Black "Pietsch, Karsten"]
[Result "1-0"]
[WhiteElo "1603"]
[BlackElo "1668"]
[PlyCount "55"]
[EventDate "2015.??.??"]
[WhiteTeam "SSV Vimaria 91 Weimar"]
[BlackTeam "SV Hermsdorf"]

1. d4 Nf6 2. Nf3 d5 3. e3 e6 4. Ne5 Bd6 5. f4 Bxe5 6. fxe5 Ne4 7. Qg4 O-O 8.
Bd3 f5 9. Qh5 b6 10. O-O a5 11. c4 c6 12. b3 Na6 13. a3 Bd7 14. Nd2 Be8 15. Qe2
Qg5 16. Nf3 Bh5 17. cxd5 Bxf3 18. Rxf3 Nc3 19. Qc2 Nxd5 20. e4 Qg4 21. Rg3 Qh5
22. exd5 cxd5 23. Qc6 Qd1+ 24. Bf1 Qxd4+ 25. Be3 Qxa1 26. Qxe6+ Kh8 27. Qe7 Rg8
28. Bh6 1-0

[Event "Landesklasse Ost 2015/2016"]
[Site "?"]
[Date "2015.11.29"]
[Round "4"]
[White "Schlierf, Andre"]
[Black "Dietrich, Mareike"]
[Result "1/2-1/2"]
[WhiteElo "1859"]
[BlackElo "1660"]
[PlyCount "36"]
[EventDate "2015.??.??"]
[WhiteTeam "Schachklub Weida"]
[BlackTeam "SV Empor Erfurt"]

1. c4 c6 2. Nc3 Nf6 3. Nf3 d5 4. e3 Bf5 5. d4 e6 6. Be2 Be7 7. O-O O-O 8. Ne5
Nbd7 9. g4 Bg6 10. Nxg6 hxg6 11. cxd5 cxd5 12. f4 Rc8 13. Bd3 Re8 14. Rf2 Bb4
15. Bd2 Nb6 16. Qf3 Nc4 17. Bxc4 Rxc4 18. Rc1 Qc8 1/2-1/2

[Event "Landesklasse Ost 2015/2016"]
[Site "?"]
[Date "2015.11.29"]
[Round "4"]
[White "Renner, Wolfgang"]
[Black "Künzel, Andre"]
[Result "1-0"]
[WhiteElo "1689"]
[BlackElo "1868"]
[PlyCount "39"]
[EventDate "2015.??.??"]
[WhiteTeam "SV Empor Erfurt"]
[BlackTeam "Schachklub Weida"]

1. Nf3 d6 2. b3 e5 3. d3 Be7 4. Nbd2 f5 5. Bb2 Nf6 6. e4 c6 7. Be2 Na6 8. exf5
Bxf5 9. Nc4 Nd5 10. Ne3 Nxe3 11. fxe3 O-O 12. O-O Qb6 13. d4 Nb4 14. dxe5 Nxc2
15. exd6 Qxe3+ 16. Kh1 Rfd8 17. Bc4+ Kh8 18. Ne5 Bxd6 19. Nf7+ Kg8 20. Nxd8+
1-0

[Event "Landesklasse Ost 2015/2016"]
[Site "?"]
[Date "2015.11.29"]
[Round "4"]
[White "Schumann, Robert"]
[Black "Kompe, Jörg"]
[Result "1/2-1/2"]
[WhiteElo "1790"]
[BlackElo "1828"]
[PlyCount "37"]
[EventDate "2015.??.??"]
[WhiteTeam "Schachklub Weida"]
[BlackTeam "SV Empor Erfurt"]

1. d4 Nf6 2. Nf3 g6 3. c4 Bg7 4. Nc3 d5 5. Bf4 O-O 6. e3 c5 7. Be2 dxc4 8. dxc5
Qa5 9. Qa4 Qxc5 10. Qxc4 Na6 11. O-O Be6 12. Qxc5 Nxc5 13. Nd4 Nd5 14. Bg5 Nxc3
15. bxc3 Rfe8 16. Nb5 Ne4 17. Bh4 g5 18. Bd3 Nxc3 19. Bxg5 1/2-1/2

[Event "Landesklasse Ost 2015/2016"]
[Site "?"]
[Date "2015.11.29"]
[Round "4"]
[White "Zugehör, Frank"]
[Black "Heine, Robert"]
[Result "1/2-1/2"]
[WhiteElo "1885"]
[BlackElo "1573"]
[PlyCount "90"]
[EventDate "2015.??.??"]
[WhiteTeam "SV Empor Erfurt"]
[BlackTeam "Schachklub Weida"]

1. Nf3 d6 2. g3 Nf6 3. Bg2 e5 4. d3 Nbd7 5. O-O Be7 6. c4 O-O 7. Nc3 c6 8. a3
Re8 9. b4 Nf8 10. Qb3 Rb8 11. b5 Bd7 12. a4 Qc7 13. Be3 a6 14. b6 Qc8 15. c5
Ng6 16. cxd6 Bxd6 17. Ng5 Be6 18. Nxe6 Qxe6 19. Qc2 Qe7 20. Rab1 Ng4 21. Bd2
Nf6 22. Rfd1 Bc5 23. Bg5 Bxf2+ 24. Kh1 Qc5 25. Bxf6 gxf6 26. Qb3 f5 27. e4 f4
28. Rf1 Re7 29. Ne2 Qe3 30. gxf4 exf4 31. Nc1 Nh4 32. Qb2 f3 33. Bh3 Be1 34.
Qf6 Ng6 35. Qxf3 Qxf3+ 36. Rxf3 Rd8 37. Bf1 Ne5 38. Rh3 Kh8 39. Nb3 Bf2 40. a5
Rg8 41. Be2 f6 42. Rh5 Reg7 43. h3 Rg2 44. Bg4 Rg3 45. Bf5 Ng6 1/2-1/2

[Event "Landesklasse Ost 2015/2016"]
[Site "?"]
[Date "2015.11.29"]
[Round "4"]
[White "Wagner, Uwe"]
[Black "Wahlicht, Mike"]
[Result "1/2-1/2"]
[WhiteElo "1713"]
[BlackElo "1731"]
[PlyCount "31"]
[EventDate "2015.??.??"]
[WhiteTeam "Schachklub Weida"]
[BlackTeam "SV Empor Erfurt"]

1. Nf3 Nf6 2. b3 d5 3. Bb2 e6 4. e3 Be7 5. Be2 c6 6. O-O O-O 7. d3 b5 8. Nbd2
a5 9. c4 Nbd7 10. d4 Ba6 11. c5 Ne8 12. a3 f6 13. b4 Qc7 14. Qc2 g6 15. Rfe1 f5
16. Nf1 1/2-1/2

[Event "Landesklasse Ost 2015/2016"]
[Site "?"]
[Date "2015.11.29"]
[Round "4"]
[White "Ulrich, Thomas"]
[Black "Urban, Bernd"]
[Result "1/2-1/2"]
[WhiteElo "1532"]
[BlackElo "1739"]
[PlyCount "38"]
[EventDate "2015.??.??"]
[WhiteTeam "SV Empor Erfurt"]
[BlackTeam "Schachklub Weida"]

1. e4 e6 2. d4 d5 3. exd5 exd5 4. Nf3 Nf6 5. Bd3 Bg4 6. h3 Bxf3 7. Qxf3 Be7 8.
O-O O-O 9. Re1 c6 10. Bg5 Re8 11. Nd2 Nbd7 12. Re2 Bd6 13. Rae1 Rxe2 14. Rxe2
Qb6 15. Nb3 a5 16. c3 a4 17. Nc1 Re8 18. Rxe8+ Nxe8 19. Qe2 Nef6 1/2-1/2

[Event "Landesklasse Ost 2015/2016"]
[Site "?"]
[Date "2015.11.29"]
[Round "4"]
[White "Heine, Mario"]
[Black "Mattner, Uwe"]
[Result "1-0"]
[WhiteElo "1784"]
[BlackElo "1578"]
[PlyCount "120"]
[EventDate "2015.??.??"]
[WhiteTeam "Schachklub Weida"]
[BlackTeam "SV Empor Erfurt"]

1. d4 d5 2. Nf3 e6 3. e3 Nf6 4. Bd3 c5 5. c3 Nc6 6. Nbd2 Bd6 7. O-O O-O 8. Re1
c4 9. Bc2 e5 10. Nxe5 Nxe5 11. dxe5 Bxe5 12. Nf1 b5 13. a4 Qb6 14. axb5 Qxb5
15. Qe2 Bb7 16. f3 Qc5 17. Qf2 Rfd8 18. Ng3 Qc7 19. Nf1 Qc5 20. Qh4 Bd6 21. g4
h6 22. Ng3 Bc8 23. Nh5 Be7 24. Nxf6+ Bxf6 25. Qg3 Qd6 26. f4 Qe7 27. Rd1 Bb7
28. Bd2 Bh4 29. Qh3 Bc8 30. Qf3 Bb7 31. Qe2 Re8 32. Be1 Bxe1 33. Rxe1 Qc5 34.
Qd2 Re7 35. h4 Qc6 36. Qd4 a6 37. Ra5 Rd8 38. Kf2 Qd7 39. Bf5 Qc7 40. Rc5 Qd6
41. Ra5 g6 42. Bc2 Rb8 43. Raa1 Bc8 44. Rab1 Bxg4 45. Rg1 h5 46. b3 Qe6 47. b4
Bf5 48. Bxf5 Qxf5 49. Rbd1 Rd8 50. Rg3 Red7 51. Rd2 Qe6 52. Ra2 Qe4 53. Qd1 Rd6
54. Qxh5 Qb1 55. Qe2 Qh1 56. Qg4 Qb1 57. Qe2 Qe4 58. h5 Qh1 59. Qg4 Qb1 60. Re2
Qc1 1-0

[Event "Landesklasse Ost 2015/2016"]
[Site "?"]
[Date "2015.11.29"]
[Round "4"]
[White "Trautmann, Johannes"]
[Black "Lehmann, Volkhard"]
[Result "0-1"]
[WhiteElo "1688"]
[BlackElo "1668"]
[PlyCount "78"]
[EventDate "2015.??.??"]
[WhiteTeam "SV Empor Erfurt"]
[BlackTeam "Schachklub Weida"]

1. c4 c5 2. Nf3 Nc6 3. Nc3 Nf6 4. g3 g6 5. Bg2 Bg7 6. O-O O-O 7. d4 cxd4 8.
Nxd4 a6 9. Nc2 d6 10. e4 Rb8 11. Ne3 Ne5 12. h3 b5 13. cxb5 axb5 14. b3 Nfd7
15. Bd2 Ba6 16. b4 Nb6 17. Qe2 Nbc4 18. Rac1 Qd7 19. Nxc4 Nxc4 20. Nd5 Rfe8 21.
Bc3 Rec8 22. Bxg7 Kxg7 23. Rc3 e6 24. Ne3 Rc7 25. Rfc1 Rbc8 26. Qd3 f6 27. Kh2
Ne5 28. Qd2 Bb7 29. f4 Nc6 30. a3 Ne7 31. Rxc7 Rxc7 32. Rxc7 Qxc7 33. Qc2 Qb6
34. Qc3 Kf7 35. Ng4 Ng8 36. Qd3 h5 37. Ne3 Ne7 38. Nc2 Qc6 39. Nd4 Qc4 0-1

[Event "Landesklasse Ost 2015/2016"]
[Site "?"]
[Date "2015.11.29"]
[Round "4"]
[White "Neubauer, Ralf"]
[Black "Sunderbrink, Heino"]
[Result "1/2-1/2"]
[WhiteElo "1854"]
[BlackElo "1932"]
[PlyCount "57"]
[EventDate "2015.??.??"]
[WhiteTeam "SV Schott Jena"]
[BlackTeam "SV Medizin Erfurt"]

1. c4 c5 2. g3 g6 3. Nf3 b6 4. Bg2 Bb7 5. O-O Nf6 6. Nc3 Bg7 7. d4 cxd4 8. Nxd4
Bxg2 9. Kxg2 O-O 10. e4 d6 11. Be3 Qc8 12. b3 Qb7 13. f3 Nbd7 14. Qd2 Rfe8 15.
Rfe1 a6 16. Rad1 Rac8 17. Rc1 Ne5 18. Nd5 b5 19. Nxf6+ Bxf6 20. cxb5 axb5 21.
Rxc8 Rxc8 22. Rc1 Nc6 23. Nxc6 Rxc6 24. Rxc6 Qxc6 25. Qc1 Qa6 26. Qc2 b4 27.
Bg1 Qa3 28. Qf2 Qc1 29. Qe3 1/2-1/2

[Event "Landesklasse Ost 2015/2016"]
[Site "?"]
[Date "2015.11.29"]
[Round "4"]
[White "Schulz, Uwe"]
[Black "Kube, Hannelore"]
[Result "1/2-1/2"]
[WhiteElo "1690"]
[BlackElo "1836"]
[PlyCount "22"]
[EventDate "2015.??.??"]
[WhiteTeam "SV Schott Jena"]
[BlackTeam "SV Medizin Erfurt"]

1. d4 f5 2. c4 Nf6 3. Nc3 e6 4. Bg5 Be7 5. e3 d5 6. Qc2 c6 7. Nh3 O-O 8. Bd3
dxc4 9. Bxc4 b5 10. Bb3 a5 11. Qxf5 Kh8 1/2-1/2

[Event "Landesklasse Ost 2015/2016"]
[Site "?"]
[Date "2015.11.29"]
[Round "4"]
[White "Fischer, Dennis"]
[Black "Bönisch, Julian"]
[Result "1-0"]
[WhiteElo "1834"]
[BlackElo "1615"]
[PlyCount "67"]
[EventDate "2015.??.??"]
[WhiteTeam "SV Medizin Erfurt"]
[BlackTeam "SV Schott Jena"]

1. d4 Nf6 2. g3 g6 3. Bg2 Bg7 4. Nf3 O-O 5. O-O d6 6. c4 Nbd7 7. Nc3 e5 8. e3
Re8 9. Qc2 c6 10. b3 Qe7 11. Ba3 Ng4 12. dxe5 Ndxe5 13. Nxe5 Nxe5 14. Rad1 Qf6
15. Rxd6 Be6 16. Bb2 Nf3+ 17. Kh1 Qe5 18. Rxe6 Rxe6 19. Bxf3 Rd8 20. Rd1 Red6
21. Rxd6 Qxd6 22. Ne4 Qb4 23. Bxg7 Qe1+ 24. Kg2 Kxg7 25. Qb2+ Kg8 26. Nf6+ Kf8
27. Nxh7+ Kg8 28. Nf6+ Kf8 29. Ne4 Kg8 30. Qf6 Rd7 31. Bg4 Rd3 32. Ng5 Rd2 33.
Qxf7+ Kh8 34. Qh7# 1-0

[Event "Landesklasse Ost 2015/2016"]
[Site "?"]
[Date "2015.11.29"]
[Round "4"]
[White "Schmiedehausen, Thomas"]
[Black "Rost, Detlef"]
[Result "0-1"]
[WhiteElo "1527"]
[BlackElo "1849"]
[PlyCount "80"]
[EventDate "2015.??.??"]
[WhiteTeam "SV Schott Jena"]
[BlackTeam "SV Medizin Erfurt"]

1. e4 c5 2. Nf3 Nc6 3. d4 cxd4 4. Nxd4 Nf6 5. Nxc6 bxc6 6. Nc3 d6 7. Be2 g6 8.
Be3 Bg7 9. O-O O-O 10. Kh1 Qc7 11. f4 Nd7 12. Qd2 Rb8 13. Rab1 e6 14. Rfd1 d5
15. exd5 exd5 16. Bd4 Bxd4 17. Qxd4 Qb6 18. Qxb6 Nxb6 19. Kg1 Re8 20. Kf2 Bf5
21. Bd3 Bxd3 22. cxd3 f5 23. Rd2 d4 24. Ne2 c5 25. Ng1 Nd5 26. g3 Re3 27. Nf3
Nb4 28. Ne5 Rb7 29. a3 Nd5 30. Nc4 Ree7 31. Re2 Rxe2+ 32. Kxe2 Nc3+ 33. bxc3
Rxb1 34. cxd4 cxd4 35. Kf3 Rb3 36. Ke2 Kf8 37. h3 Ke7 38. g4 Ke6 39. Kd2 Kd5
40. Kc2 Rc3+ 0-1

[Event "Landesklasse Ost 2015/2016"]
[Site "?"]
[Date "2015.11.29"]
[Round "4"]
[White "Stumm, Rainer"]
[Black "Falk, Peter"]
[Result "1/2-1/2"]
[WhiteElo "1558"]
[BlackElo "1549"]
[PlyCount "30"]
[EventDate "2015.??.??"]
[WhiteTeam "SV Medizin Erfurt"]
[BlackTeam "SV Schott Jena"]

1. e4 Nf6 2. e5 Nd5 3. c4 Nb6 4. Nc3 d6 5. exd6 exd6 6. b3 g6 7. Bb2 Bg7 8. Qc2
Bf5 9. Bd3 Bxd3 10. Qxd3 Nc6 11. Qe4+ Qe7 12. O-O-O Qxe4 13. Nxe4 Bxb2+ 14.
Kxb2 O-O 15. h4 Nd7 1/2-1/2

[Event "Landesklasse Ost 2015/2016"]
[Site "?"]
[Date "2015.11.29"]
[Round "4"]
[White "Monossova, Maria"]
[Black "Seele, Hartmut"]
[Result "1/2-1/2"]
[WhiteElo "1590"]
[BlackElo "1756"]
[PlyCount "52"]
[EventDate "2015.??.??"]
[WhiteTeam "SV Schott Jena"]
[BlackTeam "SV Medizin Erfurt"]

1. Nf3 Nf6 2. d4 d6 3. Bg5 g6 4. Bxf6 exf6 5. e3 Bg7 6. Nbd2 O-O 7. Be2 Nc6 8.
O-O f5 9. c3 Ne7 10. Re1 Nd5 11. Bc4 Nb6 12. Bd3 d5 13. Qc2 Be6 14. a4 Nd7 15.
c4 c6 16. cxd5 Bxd5 17. Bc4 Nb6 18. Bb3 Qc7 19. a5 Bxb3 20. Qxb3 Nd5 21. Rec1
Qd7 22. Nc4 a6 23. Nce5 Qe7 24. Re1 f6 25. Nd3 Kh8 26. Nc5 Rab8 1/2-1/2

[Event "Landesklasse Ost 2015/2016"]
[Site "?"]
[Date "2015.11.29"]
[Round "4"]
[White "Makarow, Alexander"]
[Black "Tran, Tan"]
[Result "1-0"]
[WhiteElo "1678"]
[BlackElo "878"]
[PlyCount "35"]
[EventDate "2015.??.??"]
[WhiteTeam "SV Medizin Erfurt"]
[BlackTeam "SV Schott Jena"]

1. e4 e5 2. Nf3 Nc6 3. Bb5 f6 4. c3 Bc5 5. a4 Nge7 6. b4 Bd6 7. Nh4 O-O 8. d3
b6 9. O-O Bb7 10. f4 a6 11. Bc4+ Kh8 12. f5 Qe8 13. Rf3 h6 14. Rh3 a5 15. b5
Nd8 16. Ng6+ Nxg6 17. Bxh6 gxh6 18. Rxh6+ 1-0

[Event "Landesklasse West 2015/2016"]
[Site "?"]
[Date "2015.09.13"]
[Round "1"]
[White "Kuntze, Andreas"]
[Black "Hocke, Sebastian"]
[Result "1/2-1/2"]
[WhiteElo "2006"]
[BlackElo "2043"]
[PlyCount "108"]
[EventDate "2015.??.??"]
[WhiteTeam "Schachclub Rochade Leinefelde"]
[BlackTeam "ESV Lok Meiningen"]

1. e4 c5 2. Nc3 d6 3. f4 g6 4. d4 cxd4 5. Qxd4 Nf6 6. Bd3 Bg7 7. h3 O-O 8. Qf2
Nc6 9. Nf3 a6 10. O-O Nd7 11. Be3 Qa5 12. Bd2 Qb6 13. Qxb6 Nxb6 14. Be3 Nd7 15.
Rab1 Nc5 16. Bxc5 dxc5 17. e5 Bh6 18. Nd5 b5 19. Be4 Ra7 20. g4 f5 21. exf6
exf6 22. g5 fxg5 23. fxg5 Bg7 24. Kg2 Bf5 25. Nd2 Ne7 26. c4 Rd7 27. Nxe7+ Rxe7
28. Bd5+ Kh8 29. Rbe1 Rxe1 30. Rxe1 Bxb2 31. Nb3 Ba3 32. Re7 Bb1 33. Nd2 Bxa2
34. Ne4 Bb2 35. Nxc5 Bxc4 36. Bxc4 bxc4 37. Nxa6 c3 38. Rc7 Rd8 39. Nb4 Kg8 40.
Kf3 Ba3 41. Nc2 Rd3+ 42. Ke4 Rxh3 43. Nxa3 Rh4+ 44. Kf3 h6 45. gxh6 Rxh6 46.
Kg4 Rh1 47. Nb5 Rh5 48. Nxc3 Ra5 49. Ne4 Kf8 50. Nc5 Ra1 51. Ne6+ Ke8 52. Kg5
Rg1+ 53. Kf6 Rf1+ 54. Kxg6 Rf6+ 1/2-1/2

[Event "Landesklasse West 2015/2016"]
[Site "?"]
[Date "2015.09.13"]
[Round "1"]
[White "Scheftlein, Richard"]
[Black "Kachel, Alfred"]
[Result "1-0"]
[WhiteElo "2042"]
[BlackElo "1953"]
[PlyCount "57"]
[EventDate "2015.??.??"]
[WhiteTeam "ESV Lok Meiningen"]
[BlackTeam "Schachclub Rochade Leinefelde"]

1. d4 f5 2. Nf3 Nf6 3. c4 e6 4. Nc3 Be7 5. g3 O-O 6. Bg2 d5 7. O-O c6 8. Qd3
Ne4 9. Nd2 Bf6 10. e3 b5 11. cxb5 Nxc3 12. bxc3 cxb5 13. e4 fxe4 14. Nxe4 b4
15. Nxf6+ Qxf6 16. cxb4 Nc6 17. Be3 Nxb4 18. Qc3 Na6 19. Rab1 Rb8 20. Rxb8 Nxb8
21. Qc7 Ba6 22. Rb1 Qd8 23. Qxa7 Bd3 24. Rb7 Nc6 25. Rxg7+ Kh8 26. Qc7 Qf6 27.
Rg4 Rb8 28. Qxc6 h5 29. Rf4 1-0

[Event "Landesklasse West 2015/2016"]
[Site "?"]
[Date "2015.09.13"]
[Round "1"]
[White "Frank, Thomas"]
[Black "Jörges, Frank"]
[Result "1-0"]
[WhiteElo "1883"]
[BlackElo "1842"]
[PlyCount "113"]
[EventDate "2015.??.??"]
[WhiteTeam "Schachclub Rochade Leinefelde"]
[BlackTeam "ESV Lok Meiningen"]

1. d4 d5 2. c4 e6 3. Nc3 Nf6 4. cxd5 exd5 5. Bg5 Be7 6. e3 Nbd7 7. Bd3 c6 8.
Nge2 O-O 9. Qc2 Re8 10. O-O Nf8 11. a3 Ng6 12. b4 a6 13. Ng3 Nd7 14. Bxe7 Qxe7
15. Nf5 Qf6 16. a4 Ndf8 17. Ng3 Nh4 18. Be2 Qh6 19. b5 Nxg2 20. Kxg2 Qh3+ 21.
Kh1 Re6 22. Qf5 Qh4 23. Qh5 Qe7 24. Rfc1 Rh6 25. Qf3 Qh4 26. Qg2 Bh3 27. Qg1
Ng6 28. bxc6 bxc6 29. Nd1 Qf6 30. f4 Nh4 31. Qf2 Re8 32. Rab1 g5 33. Rb6 Re6
34. Rb8+ Kg7 35. Nh5+ Rxh5 36. Bxh5 gxf4 37. Rb7 Qg5 38. Rxf7+ Kh6 39. Qxf4
Bg2+ 40. Kg1 Qxf4 41. exf4 Be4 42. Bg4 Rg6 43. h3 Nf3+ 44. Kf2 Nxd4 45. Ne3 a5
46. f5 Rg8 47. Rb7 Kg5 48. Rd1 c5 49. Rb6 Kf4 50. f6 h5 51. f7 Rf8 52. Bxh5 Kg5
53. Bg4 Rxf7+ 54. Kg3 Rf3+ 55. Bxf3 Bxf3 56. Rxd4 cxd4 57. Kxf3 1-0

[Event "Landesklasse West 2015/2016"]
[Site "?"]
[Date "2015.09.13"]
[Round "1"]
[White "Lehmann, Peter"]
[Black "Pfitzenreuter, Gerald"]
[Result "1-0"]
[WhiteElo "1888"]
[BlackElo "1865"]
[PlyCount "55"]
[EventDate "2015.??.??"]
[WhiteTeam "ESV Lok Meiningen"]
[BlackTeam "Schachclub Rochade Leinefelde"]

1. d4 d5 2. Nf3 Nf6 3. e3 c6 4. Bd3 Bg4 5. Nbd2 Nbd7 6. Qe2 e6 7. O-O Bd6 8. e4
dxe4 9. Nxe4 Nxe4 10. Bxe4 Qc7 11. h3 Bh5 12. Re1 O-O-O 13. c4 Rde8 14. c5 Bf4
15. b4 Bg6 16. Rb1 Bxe4 17. Qxe4 Bxc1 18. Rexc1 Nf6 19. Qd3 Rd8 20. b5 cxb5 21.
Rxb5 Nd5 22. Qa3 a6 23. Rb3 Ne7 24. Rcb1 Nc6 25. Rxb7 Qxb7 26. Rxb7 Kxb7 27.
Qb3+ Kc8 28. Qb6 1-0

[Event "Landesklasse West 2015/2016"]
[Site "?"]
[Date "2015.09.13"]
[Round "1"]
[White "Seeboth, Paul"]
[Black "Grube, Jan"]
[Result "1-0"]
[WhiteElo "1807"]
[BlackElo "1807"]
[PlyCount "99"]
[EventDate "2015.??.??"]
[WhiteTeam "Schachclub Rochade Leinefelde"]
[BlackTeam "ESV Lok Meiningen"]

1. d4 d5 2. c4 e6 3. Nc3 Nf6 4. Bg5 Be7 5. e3 Nbd7 6. Nf3 O-O 7. Qc2 c5 8. dxc5
dxc4 9. Bxc4 Nxc5 10. O-O b6 11. Rfd1 Nfd7 12. Bf4 a6 13. b4 b5 14. Be2 Nb7 15.
Ne5 Qe8 16. Nc6 Bf6 17. Rac1 Nd8 18. Ne4 e5 19. Nxf6+ Nxf6 20. Rxd8 Qe6 21.
Rxf8+ Kxf8 22. Qc5+ Ke8 23. Qxe5 Bd7 24. Qxe6+ Bxe6 25. Rc2 Rc8 26. Bf3 Nd5 27.
Be5 f6 28. Ba1 Nb6 29. Bd4 Nc4 30. Bc5 Bf5 31. Rc1 Bd7 32. Nd4 Ne5 33. Bb7 Rc7
34. Bxa6 Nd3 35. Rc2 Nxc5 36. Rxc5 Ra7 37. Nxb5 Rxa6 38. Nc7+ Ke7 39. Nxa6 Kd6
40. Kf1 Bc6 41. Rxc6+ Kxc6 42. a4 Kb6 43. b5 Ka5 44. Ke2 Kxa4 45. b6 Ka5 46. b7
Kxa6 47. b8=Q h5 48. Kd3 h4 49. Kc4 f5 50. Kc5 1-0

[Event "Landesklasse West 2015/2016"]
[Site "?"]
[Date "2015.09.13"]
[Round "1"]
[White "Latka, Vera"]
[Black "Löffelholz, Christian"]
[Result "1/2-1/2"]
[WhiteElo "1701"]
[BlackElo "1642"]
[PlyCount "37"]
[EventDate "2015.??.??"]
[WhiteTeam "ESV Lok Meiningen"]
[BlackTeam "Schachclub Rochade Leinefelde"]

1. e4 c5 2. Nf3 d6 3. d4 cxd4 4. Nxd4 Nf6 5. Nc3 a6 6. Be2 e5 7. Nb3 Nc6 8. Be3
Be6 9. O-O Be7 10. f3 d5 11. exd5 Nxd5 12. Nxd5 Bxd5 13. Qd2 Bxb3 14. Qxd8+
Rxd8 15. axb3 Nd4 16. Bxd4 Rxd4 17. Rfd1 Bc5 18. Kf1 f6 19. Bd3 1/2-1/2

[Event "Landesklasse West 2015/2016"]
[Site "?"]
[Date "2015.09.13"]
[Round "1"]
[White "Meysing, Gerhard"]
[Black "Rosenberg, Erik"]
[Result "1/2-1/2"]
[WhiteElo "1487"]
[BlackElo "1647"]
[PlyCount "41"]
[EventDate "2015.??.??"]
[WhiteTeam "Schachclub Rochade Leinefelde"]
[BlackTeam "ESV Lok Meiningen"]

1. e4 c6 2. d4 d5 3. Nc3 dxe4 4. Nxe4 Bf5 5. Qf3 e6 6. c3 Bxe4 7. Qxe4 Nf6 8.
Qf3 Bd6 9. Bg5 Nbd7 10. Bc4 O-O 11. Ne2 Qa5 12. Bf4 e5 13. dxe5 Nxe5 14. Bxe5
Qxe5 15. g3 Rfe8 16. O-O Qe4 17. Qxe4 Nxe4 18. Rad1 b5 19. Bd3 Nc5 20. Nd4 Nxd3
21. Rxd3 1/2-1/2

[Event "Landesklasse West 2015/2016"]
[Site "?"]
[Date "2015.09.13"]
[Round "1"]
[White "Webel, Jannik"]
[Black "Stöber, Guido"]
[Result "1-0"]
[WhiteElo "1631"]
[BlackElo "1318"]
[PlyCount "67"]
[EventDate "2015.??.??"]
[WhiteTeam "ESV Lok Meiningen"]
[BlackTeam "Schachclub Rochade Leinefelde"]

1. d4 d5 2. c4 e6 3. Nf3 Nf6 4. Bg5 Be7 5. e3 O-O 6. Nc3 Nbd7 7. Qc2 c6 8. cxd5
exd5 9. Bd3 h6 10. Bf4 Re8 11. h3 Nf8 12. a3 Bd6 13. Bxd6 Qxd6 14. O-O Be6 15.
b4 Rac8 16. Rfc1 a6 17. Qb3 Ne4 18. a4 Nd7 19. Rc2 Nb6 20. Nd2 Qe7 21. Qb1 Bf5
22. Ndxe4 dxe4 23. Bf1 Nd5 24. Na2 Qg5 25. Kh1 Bg6 26. b5 cxb5 27. axb5 a5 28.
Qb3 Qf5 29. Rac1 Nb6 30. Kg1 Kh8 31. Rc5 Qd7 32. Qa3 f6 33. Qxa5 Nd5 34. Qd2
1-0

[Event "Landesklasse West 2015/2016"]
[Site "?"]
[Date "2015.09.13"]
[Round "1"]
[White "Minor, Viatcheslav"]
[Black "Messerschmidt, Daniel"]
[Result "1/2-1/2"]
[WhiteElo "1970"]
[BlackElo "1863"]
[PlyCount "122"]
[EventDate "2015.??.??"]
[WhiteTeam "SV Wartburgstadt Eisenach"]
[BlackTeam "SG Trusetal 92"]

1. e4 c5 2. c3 d6 3. d4 cxd4 4. cxd4 g6 5. Nf3 Bg7 6. h3 Nf6 7. Nc3 O-O 8. Be3
Nc6 9. Be2 Ne8 10. O-O Bd7 11. Rc1 a6 12. d5 Ne5 13. Nd4 Rc8 14. b3 Qa5 15. Qd2
Bb5 16. Ndxb5 axb5 17. Nxb5 Qxd2 18. Bxd2 Nf6 19. f3 Nh5 20. Kh2 Nd7 21. g4
Be5+ 22. Kg2 Nf4+ 23. Bxf4 Bxf4 24. Rxc8 Rxc8 25. Bd3 Ne5 26. Bb1 h5 27. Nd4
Kf8 28. Ne2 Be3 29. f4 Nd7 30. Kf3 Bb6 31. Bd3 e6 32. dxe6 fxe6 33. Bc4 Ke7 34.
Rd1 hxg4+ 35. hxg4 Rh8 36. Ng3 Rh2 37. g5 Rxa2 38. Ne2 Ra8 39. Rh1 Rf8 40. Rh7+
Rf7 41. Rxf7+ Kxf7 42. Nc3 Bc5 43. Nd1 Ke7 44. Ne3 Ba3 45. Ng2 Bc1 46. Nh4 Nf8
47. Kg4 Bb2 48. Bd3 Kf7 49. Bb5 Bc3 50. Bc4 Be1 51. Ng2 Bd2 52. f5 Bc1 53. Nf4
Bxf4 54. Kxf4 Ke7 55. f6+ Kf7 56. Bb5 Nh7 57. Bd7 Nf8 58. Bc8 b6 59. b4 Nh7 60.
Bd7 Nf8 61. Bc6 Nh7 1/2-1/2

[Event "Landesklasse West 2015/2016"]
[Site "?"]
[Date "2015.09.13"]
[Round "1"]
[White "Messerschmidt, Nick"]
[Black "Königsdörfer, Gerhard"]
[Result "1-0"]
[WhiteElo "1935"]
[BlackElo "1897"]
[PlyCount "90"]
[EventDate "2015.??.??"]
[WhiteTeam "SG Trusetal 92"]
[BlackTeam "SV Wartburgstadt Eisenach"]

1. d4 d5 2. c4 dxc4 3. Nf3 a6 4. e4 b5 5. Nc3 Bb7 6. Bf4 e6 7. Qc2 Nf6 8. a3 c5
9. Rd1 Qa5 10. Bd2 Qb6 11. Be3 cxd4 12. Nxd4 Bc5 13. Be2 Nbd7 14. g4 h6 15. Rg1
O-O-O 16. b4 cxb3 17. Nxb3 Kb8 18. Nxc5 Nxc5 19. g5 Rxd1+ 20. Bxd1 Nfd7 21.
gxh6 gxh6 22. Rg7 Qd6 23. Rxf7 Rc8 24. Qd2 Qxd2+ 25. Kxd2 Rd8 26. Ke2 Nxe4 27.
Nxe4 Bxe4 28. Bxh6 Nc5 29. Bf4+ Ka8 30. Be3 Nd7 31. Re7 Ne5 32. Bb3 Bf3+ 33.
Ke1 Rd3 34. Bc2 Rxa3 35. Rxe6 Ra1+ 36. Kd2 Nc4+ 37. Kc3 Kb7 38. Bf4 Bc6 39. h4
Kb6 40. Be4 Na5 41. h5 Ra4 42. f3 b4+ 43. Kb2 b3 44. h6 Ra2+ 45. Kb1 Rg2 1-0

[Event "Landesklasse West 2015/2016"]
[Site "?"]
[Date "2015.09.13"]
[Round "1"]
[White "Graupner, Markus"]
[Black "Ribitzki, Mathias"]
[Result "1/2-1/2"]
[WhiteElo "1700"]
[BlackElo "1761"]
[PlyCount "29"]
[EventDate "2015.??.??"]
[WhiteTeam "SV Wartburgstadt Eisenach"]
[BlackTeam "SG Trusetal 92"]

1. Nf3 d5 2. c4 c6 3. b3 Nf6 4. Bb2 Nbd7 5. d4 e6 6. e3 Bb4+ 7. Nbd2 Ne4 8. a3
Bxd2+ 9. Nxd2 Nxd2 10. Qxd2 O-O 11. Bd3 Re8 12. cxd5 exd5 13. O-O Nf6 14. f3
Be6 15. b4 1/2-1/2

[Event "Landesklasse West 2015/2016"]
[Site "?"]
[Date "2015.09.13"]
[Round "1"]
[White "Willner, Holger"]
[Black "Anschütz, Bernd"]
[Result "1/2-1/2"]
[WhiteElo "1779"]
[BlackElo "1728"]
[PlyCount "46"]
[EventDate "2015.??.??"]
[WhiteTeam "SG Trusetal 92"]
[BlackTeam "SV Wartburgstadt Eisenach"]

1. e4 c5 2. Nf3 Nc6 3. c3 d5 4. exd5 Qxd5 5. d4 cxd4 6. cxd4 Nf6 7. Nc3 Qd8 8.
Be2 e6 9. O-O Be7 10. Bf4 Nd5 11. Nxd5 Qxd5 12. a3 O-O 13. Rc1 a6 14. Bc4 Qd7
15. Ne5 Nxe5 16. dxe5 Rd8 17. Qg4 b5 18. Bb3 Bb7 19. Rc3 Be4 20. Rg3 g6 21. Re3
Bf5 22. Qf3 Rac8 23. Rd1 Qc6 1/2-1/2